| 000 | 01393nam a22003977a 4500 | ||
|---|---|---|---|
| 003 | CHAP | ||
| 005 | 20220329134407.0 | ||
| 008 | 971013s1994 r 00010 d | ||
| 010 | _a19881 | ||
| 011 | _a20853 | ||
| 035 | _a24942 | ||
| 040 | _cCHAP | ||
| 090 | _aTesis | ||
| 100 | 0 | 0 |
_aSánchez Hernández, Ricardo. _9107612 |
| 245 | _aModelo óptimo del transporte del brócoli (Brassica oleraceae) | ||
| 260 |
_aChapingo, Méx. : _bEl autor, _c1994 |
||
| 300 | _a76 h. | ||
| 502 | _aTesis (Ing. Agr. Esp. en Economía Agrícola) -- UACH. Departamento de Economía Agrícola | ||
| 590 |
_aALEPH _b10 _c20130110 _lUCH01 _h1243 |
||
| 590 |
_aBATCH-UPD _b10 _c20130109 _lUCH01 _h2324 |
||
| 590 |
_aBATCH-UPD _b10 _c20130110 _lUCH01 _h0155 |
||
| 590 |
_aBATCH-UPD _b10 _c20130110 _lUCH01 _h2226 |
||
| 590 |
_aBATCH-UPD _b10 _c20130409 _lUCH01 _h1848 |
||
| 590 |
_aBATCH-UPD _b10 _c20130409 _lUCH01 _h2157 |
||
| 590 |
_aBATCH-UPD _b10 _c20130410 _lUCH01 _h1522 |
||
| 590 |
_aBATCH-UPD _b10 _c20130914 _lUCH01 _h0751 |
||
| 590 |
_aCONVERSION _b10 _c20130109 _lUCH01 _h1312 |
||
| 650 | 1 | 4 |
_aBrócoli _xConsumo. _915532 |
| 650 | 1 | 4 |
_aBrócoli _xMercadeo. _915542 |
| 650 | 1 | 4 |
_aBrócoli _xTransporte. _915551 |
| 901 | _aBK | ||
| 942 | _cFOLL | ||
| 949 |
_bBC _cTES _d-57539 _eTS1 _h26982 _i24942 _si |
||
| 949 |
_bBC _cTES _d-57540 _eTS2 _fc.2 _h26983 _i24942 _si |
||
| 949 |
_bBC _cTES _d-57541 _eTS2 _fc.3 _h26984 _i24942 _si |
||
| 999 |
_c19881 _d19881 |
||